Cricket World Cup Winners - Statistics

General Stats
  • This quiz has been taken 88 times
  • The average score is 11 of 13
Answer Stats
Year Winner Runners-Up % Correct
1975 West Indies Australia
91%
1983 India West Indies
89%
1987 Australia England
86%
1979 West Indies England
86%
2023 Australia India
84%
1999 Australia Pakistan
82%
2019 England New Zealand
82%
2003 Australia India
80%
2011 India Sri Lanka
80%
2015 Australia New Zealand
79%
2007 Australia Sri Lanka
78%
1992 Pakistan England
75%
1996 Sri Lanka Australia
74%
No matching quizzes found
Score Distribution
Percent of People with Each Score
Percentile by Number Answered
Your Score History
You have not taken this quiz